00548nam a2200205 a 4500001001300000003000900013005001700022008004100039020001000080082001600090100001700106245004600123260004800169300000900217500003500226505001000261650003000271650002400301700001700325nice12345678IN_TiNIC20260116013921.0050524s1996 dela grp 000 0 eng  ac40000a340.59bSID aSiddiqi, M M aIncidence of Divorce Among Indian Muslims aDelhibInstitute of Objective Studiesc1996 a672p aincludes index and biblioraphy2 aIndex aIslam-Marriage and Family aIslamic-Law Divorce1 aSiddiqi, M M